Statistics for African Geography By Letter O - Picture Quiz

Click here to take the quiz!

General Stats

  • This quiz has been taken 156 times
  • The average score is 8 of 18

Answer Stats

Answer% Correct
Ostrich
98%
Oasis
76%
Oran
76%
Obelisk
73%
Orange
72%
Okra
66%
Ouagadougou
66%
Okapi
59%
Olive
58%
Oryx
38%
Oromo
34%
Okavango
26%
Osprey
25%
Ouguiya
17%
Omaheke
7%
{Onitsha} Market
7%
Ovambo
7%
Ogooué
6%

Score Distribution

Percentile by Number Answered

Percent of People with Each Score

Your Score History

You have not taken this quiz